Vojenská doktrína Ruska potreba zabrániť terorizmu II.

Bibliographic Details
Main Author: Kovaľov, Viktor (Author)
Format: Article
Language:Slovak
ISSN:1335-468X
Subjects:

MARC

LEADER 00000nab a2200000 a 4500
001 vtls000853010
003 SK-MaSNL
005 20260302171327.0
008 180205c2003 xo 0 slo
015 |a SNBRB2003/11-33082 
035 |a CLN000204665 
040 |a SNKBUCL  |b slo  |c SNKBUCL  |e AACR2 
041 0 |a slo 
044 |a xo  |c SK 
080 |a 323.285(470+571)  |2 UDC-MRF-SK2 
100 1 |a Kovaľov, Viktor  |4 aut  |9 838561 
245 1 0 |a Vojenská doktrína Ruska  |b potreba zabrániť terorizmu  |n II.  |c Viktor Kovaľov 
500 |a Dokončenie 
650 0 7 |a terorizmus  |z Ruská federácia  |2 snkbucl  |9 875345 
655 7 |a články z novín a časopisov  |2 snkbucl  |9 267496 
773 0 |x 1335-468X  |t Slovo. Politicko-spoločenský týždenník  |g Roč. 5, č. 46 (2003), s. 9 
850 |a Slovenská národná knižnica v Martine 
852 |a SNK  |b KIS3GCP 
958 |a RBX 
999 |c 1395366  |d 1397296